[Event "Madrid-ch Previa A"]
[Site "Madrid ESP"]
[Date "2016.02.16"]
[Round "5.9"]
[White "Viñas Lopez, Carlos"]
[Black "Corredor San Jose, Antonio"]
[Result "0-1"]
[WhiteElo "1913"]
[BlackElo "1792"]
[PlyCount "74"]
[EventDate "2016.02.08"]
[EventType "swiss"]
[EventRounds "9"]
[EventCountry "ESP"]
[SourceDate "2016.02.08"]

1. d4 Nf6 2. Bg5 d5 3. Bxf6 exf6 4. e3 Bf5 5. Bd3 Bg6 6. Nf3 Bd6 7. O-O c6 8.
c4 dxc4 9. Bxc4 Nd7 10. Nc3 Nb6 11. Bd3 Qe7 12. Rc1 O-O 13. Bxg6 hxg6 14. Qb3
Rad8 15. a4 Nc8 16. a5 a6 17. Na4 Bc7 18. Nc5 Rd5 19. Qc3 Nd6 20. g3 Rh5 21. b4
f5 22. Qc2 Bb8 23. Kg2 Ne4 24. Rh1 Re8 25. Rcd1 g5 26. d5 g4 27. Ng1 Rc8 28.
dxc6 Rxc6 29. Qd3 Rd6 30. Qc2 Rxd1 31. Qxd1 Bd6 32. Ne2 Nxc5 33. bxc5 Qe4+ 34.
Kg1 Bxc5 35. Nf4 Rh6 36. Qd8+ Bf8 37. h4 Rd6 0-1

[Event "Madrid-ch Previa A"]
[Site "Madrid ESP"]
[Date "2016.02.16"]
[Round "5.10"]
[White "Lopez Ziegler, Juan Jose"]
[Black "Marin Aso, Jose Luis"]
[Result "0-1"]
[WhiteElo "1574"]
[BlackElo "1846"]
[PlyCount "78"]
[EventDate "2016.02.08"]
[EventType "swiss"]
[EventRounds "9"]
[EventCountry "ESP"]
[SourceDate "2016.02.08"]

1. d4 Nf6 2. c4 g6 3. Nc3 Bg7 4. e4 d6 5. h3 O-O 6. Nf3 e5 7. d5 a5 8. Be3 Na6
9. a3 Nc5 10. Nd2 Ne8 11. g4 Bd7 12. h4 Qc8 13. Be2 c6 14. g5 f5 15. h5 Rf7 16.
hxg6 hxg6 17. Bxc5 dxc5 18. Na4 cxd5 19. cxd5 Qc7 20. Bc4 Nd6 21. exf5 Bxf5 22.
Nc3 Qe7 23. Rg1 e4 24. Qe2 Re8 25. O-O-O Qe5 26. Rde1 Qd4 27. Rg3 Be5 28. Bb5
Rc8 29. Ndxe4 Nxe4 30. Rd3 Bf4+ 31. Kc2 Nxf2 32. Red1 c4 33. Bxc4 Rxc4 34. Kb3
Bxd3 35. Qe8+ Kg7 36. Re1 Rxc3+ 37. bxc3 Qc4+ 38. Kb2 Qb5+ 39. Qxb5 Bxb5 0-1

[Event "Madrid-ch Previa A"]
[Site "Madrid ESP"]
[Date "2016.02.16"]
[Round "5.11"]
[White "Rueda Maria, Ramiro"]
[Black "Valencia De Loma, Sergio"]
[Result "1/2-1/2"]
[WhiteElo "1891"]
[BlackElo "1672"]
[PlyCount "35"]
[EventDate "2016.02.08"]
[EventType "swiss"]
[EventRounds "9"]
[EventCountry "ESP"]
[SourceDate "2016.02.08"]

1. c4 e6 2. Nf3 d5 3. d4 Be7 4. Nc3 Nf6 5. Bg5 O-O 6. e3 h6 7. Bh4 Re8 8. Bd3
c6 9. O-O Nbd7 10. Rc1 dxc4 11. Bxc4 Nd5 12. Bxe7 Qxe7 13. a3 Nxc3 14. Rxc3 e5
15. dxe5 Nxe5 16. Nxe5 Qxe5 17. Qb3 Qc7 18. Rd1 1/2-1/2

[Event "Madrid-ch Previa A"]
[Site "Madrid ESP"]
[Date "2016.02.16"]
[Round "5.12"]
[White "Cabañas Bravo, Juan Andres"]
[Black "Serrano Gonzalez, Oscar"]
[Result "1/2-1/2"]
[WhiteElo "2006"]
[BlackElo "1718"]
[PlyCount "112"]
[EventDate "2016.02.08"]
[EventType "swiss"]
[EventRounds "9"]
[EventCountry "ESP"]
[SourceDate "2016.02.08"]

1. e4 c5 2. Nf3 d6 3. d4 cxd4 4. Nxd4 Nf6 5. Nc3 a6 6. Bg5 e6 7. f4 Be7 8. Qf3
Nbd7 9. Bc4 h6 10. Bh4 Nf8 11. f5 Qc7 12. Bb3 b5 13. O-O-O b4 14. Na4 e5 15.
Bxf6 Bxf6 16. Bd5 Bb7 17. Ne2 Rc8 18. Qb3 Bxd5 19. Rxd5 Nd7 20. Rhd1 Be7 21.
Ng3 Nf6 22. R5d2 a5 23. Kb1 O-O 24. c3 Qc6 25. Qc2 Ng4 26. Nf1 Nf6 27. Ng3 Ng4
28. Re2 Bg5 29. Nf1 Nf6 30. g3 h5 31. h4 Bh6 32. Rde1 Qb5 33. Qb3 Rc4 34. Nb6
Rxe4 35. Rxe4 Nxe4 36. cxb4 Qxf1 37. Rxf1 Nd2+ 38. Kc2 Nxb3 39. Kxb3 Rb8 40.
bxa5 Be3 41. Ka4 Bxb6 42. axb6 Rxb6 43. b4 Ra6+ 44. Kb3 Kf8 45. b5 Ra5 46. a4
Ke8 47. Kb4 Ra8 48. b6 Kd7 49. Rc1 Rc8 50. Rxc8 Kxc8 51. a5 e4 52. a6 e3 53.
Kc3 d5 54. f6 g6 55. Kd3 d4 56. Ke2 Kb8 1/2-1/2

[Event "Madrid-ch Previa A"]
[Site "Madrid ESP"]
[Date "2016.02.16"]
[Round "5.13"]
[White "Ruiz Sanchez, Roberto"]
[Black "Guerrero Gonzalez, Francisco"]
[Result "1-0"]
[WhiteElo "1965"]
[BlackElo "1706"]
[PlyCount "53"]
[EventDate "2016.02.08"]
[EventType "swiss"]
[EventRounds "9"]
[EventCountry "ESP"]
[SourceDate "2016.02.08"]

1. e4 d5 2. exd5 Qxd5 3. Nc3 Qa5 4. d4 Nf6 5. Nf3 Bg4 6. h3 Bh5 7. g4 Bg6 8.
Ne5 e6 9. h4 Bb4 10. Bd2 Qb6 11. h5 Be4 12. Nxe4 Nxe4 13. c3 Nxd2 14. Qxd2 Be7
15. O-O-O c6 16. Bc4 h6 17. Qe3 Qc7 18. Rhe1 O-O 19. f4 Na6 20. g5 hxg5 21.
fxg5 Qd8 22. Rg1 Bxg5 23. Rxg5 f6 24. Bxe6+ Kh8 25. Rg6 fxe5 26. Rh6+ gxh6 27.
Qxh6# 1-0

[Event "Madrid-ch Previa A"]
[Site "Madrid ESP"]
[Date "2016.02.16"]
[Round "5.14"]
[White "Morona Minguez, Miguel"]
[Black "Lizon Martinez, Santiago"]
[Result "0-1"]
[WhiteElo "1927"]
[BlackElo "1681"]
[PlyCount "64"]
[EventDate "2016.02.08"]
[EventType "swiss"]
[EventRounds "9"]
[EventCountry "ESP"]
[SourceDate "2016.02.08"]

1. e4 c5 2. Nf3 d6 3. d4 cxd4 4. Nxd4 Nf6 5. Nc3 a6 6. f4 e5 7. Nf3 Nbd7 8. a4
Qc7 9. Bd3 Be7 10. O-O O-O 11. Qe1 Nc5 12. Kh1 Re8 13. fxe5 dxe5 14. Bg5 Be6
15. Rd1 Rad8 16. Bxf6 Bxf6 17. Qe3 Nxd3 18. cxd3 Bb3 19. Rd2 h6 20. g4 Be7 21.
Rc1 Qa5 22. Rg2 Bc5 23. Qd2 Qb6 24. Re1 Bc4 25. Nd5 Bxd5 26. exd5 Bb4 27. Qe3
Qxe3 28. Rxe3 Rxd5 29. Rc2 Bc5 30. Ree2 b6 31. Rc3 f6 32. Rb3 Red8 0-1

[Event "Madrid-ch Previa A"]
[Site "Madrid ESP"]
[Date "2016.02.16"]
[Round "5.15"]
[White "Perez Cameselle, Francisco Jose"]
[Black "Martinez Miura, Enrique"]
[Result "1/2-1/2"]
[WhiteElo "1858"]
[BlackElo "1653"]
[PlyCount "110"]
[EventDate "2016.02.08"]
[EventType "swiss"]
[EventRounds "9"]
[EventCountry "ESP"]
[SourceDate "2016.02.08"]

1. Nf3 Nc6 2. d4 d5 3. g3 g6 4. Bg2 Bg7 5. O-O Nf6 6. c4 e6 7. Nc3 O-O 8. cxd5
exd5 9. Bg5 h6 10. Bxf6 Bxf6 11. e3 a6 12. Qb3 Ne7 13. a4 Rb8 14. Rfc1 Be6 15.
Qc2 Bf5 16. Qd2 c6 17. a5 Qd7 18. Na4 Nc8 19. Nc5 Qe7 20. Ne1 Nd6 21. Bf1 Ne4
22. Nxe4 Bxe4 23. Bd3 h5 24. Bxe4 dxe4 25. h4 Kh7 26. Ng2 Rbd8 27. Qc2 Rd5 28.
Nf4 Rb5 29. Ne2 c5 30. Nc3 Rb4 31. Nxe4 cxd4 32. Nxf6+ Qxf6 33. Qc5 Rxb2 34.
Rf1 Rd8 35. exd4 Qxd4 36. Qxd4 Rxd4 37. Rab1 Rdb4 38. Rxb2 Rxb2 39. Rc1 Kg7 40.
Rc7 Rb1+ 41. Kg2 Ra1 42. Rxb7 Rxa5 43. Kf3 Ra1 44. Ra7 a5 45. Kf4 a4 46. f3 a3
47. g4 hxg4 48. Kxg4 a2 49. Kf4 Kf6 50. Ra6+ Kg7 51. Ra7 Rh1 52. Rxa2 Rxh4+ 53.
Kg3 Rh5 54. Ra7 Rf5 55. f4 g5 1/2-1/2

[Event "Madrid-ch Previa A"]
[Site "Madrid ESP"]
[Date "2016.02.16"]
[Round "5.16"]
[White "Jimenez Jimenez, Darfo"]
[Black "Fernandez Bonilla, M. Arcangel"]
[Result "1-0"]
[WhiteElo "1706"]
[BlackElo "1829"]
[PlyCount "49"]
[EventDate "2016.02.08"]
[EventType "swiss"]
[EventRounds "9"]
[EventCountry "ESP"]
[SourceDate "2016.02.08"]

1. e4 e5 2. Nf3 Nc6 3. d4 exd4 4. Nxd4 Nf6 5. Nxc6 bxc6 6. e5 Nd5 7. c4 Bb4+ 8.
Bd2 Bxd2+ 9. Nxd2 Nb6 10. Bd3 Qg5 11. O-O O-O 12. f4 Qh6 13. Ne4 Rd8 14. Qc2 f6
15. exf6 gxf6 16. Rf3 d6 17. Ng3 d5 18. Nf5 Qf8 19. Re1 Qc5+ 20. Kh1 Kh8 21.
Nh6 Qf8 22. Nf5 dxc4 23. Be4 Re8 24. Rd1 Qc5 25. Rh3 1-0

[Event "Madrid-ch Previa A"]
[Site "Madrid ESP"]
[Date "2016.02.16"]
[Round "5.17"]
[White "Calvo De Castro, Miguel"]
[Black "Bellagamba, Pascal"]
[Result "1-0"]
[WhiteElo "1773"]
[BlackElo "1652"]
[PlyCount "51"]
[EventDate "2016.02.08"]
[EventType "swiss"]
[EventRounds "9"]
[EventCountry "ESP"]
[SourceDate "2016.02.08"]

1. e4 Nf6 2. Nc3 d5 3. e5 Ne4 4. d4 Bf5 5. Qf3 Bg6 6. Bd3 Nxc3 7. Bxg6 hxg6 8.
e6 fxe6 9. bxc3 Kd7 10. Qg4 Qe8 11. Nf3 Nc6 12. O-O Qf7 13. Re1 Qf5 14. Qg3 Rh5
15. Bf4 Rc8 16. Ng5 Nd8 17. Re2 c5 18. Rb1 b6 19. Rbe1 Rc6 20. Nf3 Ke8 21. Nh4
Qf7 22. Bg5 cxd4 23. cxd4 Rc4 24. Re3 Qg8 25. Rf3 Qh7 26. Qf4 1-0

[Event "Madrid-ch Previa A"]
[Site "Madrid ESP"]
[Date "2016.02.16"]
[Round "5.18"]
[White "Fernandez Martinez, Jose"]
[Black "Gonzalez Recas, Fernando"]
[Result "1/2-1/2"]
[WhiteElo "1632"]
[BlackElo "1766"]
[PlyCount "117"]
[EventDate "2016.02.08"]
[EventType "swiss"]
[EventRounds "9"]
[EventCountry "ESP"]
[SourceDate "2016.02.08"]

1. d4 Nf6 2. c4 e6 3. Nc3 Bb4 4. e3 O-O 5. Nf3 d5 6. a3 Bxc3+ 7. bxc3 c5 8.
cxd5 Nxd5 9. Qc2 Nd7 10. Be2 Re8 11. O-O e5 12. c4 N5b6 13. d5 e4 14. Nd2 Nf6
15. Bb2 Bf5 16. Rac1 Bg6 17. Qb3 Qd6 18. Bc3 Rab8 19. a4 Bh5 20. Bxh5 Nxh5 21.
a5 Nd7 22. Qc2 Nhf6 23. h3 Qe7 24. Rb1 Nf8 25. Qb2 Ng6 26. Bxf6 gxf6 27. Qc2 f5
28. g3 h5 29. Kh2 Ne5 30. Qd1 Qg5 31. h4 Ng4+ 32. Kg2 Qg6 33. Kh3 Kh7 34. Rb5
Rg8 35. Qe2 Qd6 36. Rg1 Kh6 37. f3 Nf6 38. Qf2 Rg6 39. fxe4 Nxe4 40. Nxe4 fxe4
41. Qf4+ Qxf4 42. exf4 b6 43. axb6 axb6 44. Ra1 Rd6 45. Kg2 Kg6 46. Rab1 Kf5
47. Rxc5 Kg4 48. Rc6 Rxc6 49. dxc6 e3 50. Re1 Rc8 51. Rxe3 Rxc6 52. Re5 f6 53.
Rb5 Rxc4 54. Rxb6 Rc2+ 55. Kf1 Kxg3 56. Rxf6 Kxh4 57. Kg1 Kg4 58. Rg6+ Kxf4 59.
Rg2 1/2-1/2

[Event "Madrid-ch Previa A"]
[Site "Madrid ESP"]
[Date "2016.02.16"]
[Round "5.19"]
[White "Martinez Carrasco, Jesus"]
[Black "Hernandez Garcia, Carlos"]
[Result "0-1"]
[WhiteElo "1624"]
[BlackElo "1737"]
[PlyCount "116"]
[EventDate "2016.02.08"]
[EventType "swiss"]
[EventRounds "9"]
[EventCountry "ESP"]
[SourceDate "2016.02.08"]

1. d4 Nf6 2. c4 g6 3. Nc3 Bg7 4. e4 d6 5. Nf3 Nc6 6. Be2 O-O 7. O-O e5 8. dxe5
Nxe5 9. Nxe5 dxe5 10. Bg5 Qxd1 11. Raxd1 Be6 12. Rd2 c6 13. Rfd1 h6 14. Be3
Rfe8 15. f3 Nh5 16. g3 Bf8 17. a3 b6 18. Na4 Kh7 19. b4 Rab8 20. Nc3 Be7 21.
Kg2 Red8 22. Rxd8 Rxd8 23. Rxd8 Bxd8 24. c5 b5 25. a4 a6 26. axb5 axb5 27. Bd3
Nf6 28. f4 exf4 29. gxf4 Bd7 30. Kg3 Ne8 31. e5 Nc7 32. Bd2 Kg7 33. Be4 f6 34.
exf6+ Bxf6 35. Kf3 Kf7 36. Ke3 g5 37. fxg5 Bxg5+ 38. Kd3 Bxd2 39. Kxd2 Na6 40.
Na2 Be6 41. Bxc6 Bxa2 42. Bxb5 Nxb4 43. Kc3 Nd5+ 44. Kd4 Nc7 45. Be2 Bd5 46.
Ke5 Ke7 47. Kf5 Bf7 48. Ke5 Bg6 49. c6 Be8 50. Bf3 Ne6 51. Kd5 Bxc6+ 52. Kxc6
Nd4+ 53. Kd5 Nxf3 54. h3 Kf6 55. Kd6 Kg5 56. Ke6 Kh4 57. Kf5 Ng1 58. Kf4 Kxh3
0-1

[Event "Madrid-ch Previa A"]
[Site "Madrid ESP"]
[Date "2016.02.16"]
[Round "5.20"]
[White "Boni De Aristizabal, Marco"]
[Black "Jaumandreu Llopis, Antonio"]
[Result "1/2-1/2"]
[WhiteElo "1735"]
[BlackElo "1504"]
[PlyCount "98"]
[EventDate "2016.02.08"]
[EventType "swiss"]
[EventRounds "9"]
[EventCountry "ESP"]
[SourceDate "2016.02.08"]

1. e4 c5 2. c3 d5 3. exd5 Qxd5 4. Nf3 Nf6 5. Be2 e6 6. O-O Be7 7. d4 O-O 8. Na3
cxd4 9. Nb5 Qc6 10. Nbxd4 Qb6 11. Qc2 Nbd7 12. Be3 Nd5 13. Nf5 Bc5 14. Bxc5
Qxc5 15. Ng3 Nf4 16. Ne4 Nxe2+ 17. Qxe2 Qh5 18. Qe3 Qg6 19. Rfd1 Nf6 20. Nxf6+
Qxf6 21. Rd4 g6 22. Rad1 b6 23. Ne5 Qg7 24. h4 f6 25. Nd7 Bxd7 26. Rxd7 Rf7 27.
Qxe6 Raf8 28. Rxa7 Kh8 29. Rdd7 Rxd7 30. Rxd7 Qh6 31. Qd6 Qc1+ 32. Kh2 Qh6 33.
g3 Kg8 34. Qxb6 Qh5 35. Rd8 Qf3 36. Qe6+ Kg7 37. Qe7+ Rf7 38. Qc5 Qe2 39. Qb6
g5 40. a4 gxh4 41. gxh4 Qe5+ 42. Kg2 Qe4+ 43. Kg3 Qg6+ 44. Kf3 Qh5+ 45. Kg3
Qg6+ 46. Kh3 Qf5+ 47. Kg2 Qg4+ 48. Kh2 Qxh4+ 49. Kg2 Qg4+ 1/2-1/2

[Event "Madrid-ch Previa A"]
[Site "Madrid ESP"]
[Date "2016.02.16"]
[Round "5.22"]
[White "Jimenez Gonzalez, Marcos"]
[Black "Marcelo De La Mata, Daniel"]
[Result "0-1"]
[WhiteElo "1807"]
[BlackElo "1623"]
[PlyCount "144"]
[EventDate "2016.02.08"]
[EventType "swiss"]
[EventRounds "9"]
[EventCountry "ESP"]
[SourceDate "2016.02.08"]

1. e4 c5 2. Nf3 d6 3. d4 cxd4 4. Nxd4 Nf6 5. Nc3 a6 6. Bg5 Nc6 7. Qd2 e6 8.
O-O-O Be7 9. f4 Bd7 10. Nb3 Qc7 11. e5 dxe5 12. fxe5 Nd5 13. Nxd5 exd5 14. Bxe7
Nxe7 15. Bd3 Be6 16. Rde1 O-O 17. Rhf1 Nc6 18. Qf4 Qe7 19. Kb1 Rac8 20. Rf3 Qb4
21. Qg3 Qg4 22. Qf2 Qb4 23. Rg3 Rfe8 24. Rf1 Qe7 25. Qf4 Nb4 26. Qh6 g6 27. Nd4
Nxd3 28. Rxd3 Qc5 29. Rd2 Qc7 30. Qf4 b5 31. Rf3 Qe7 32. Nb3 Bf5 33. Nd4 Qxe5
34. Qxe5 Rxe5 35. Rf1 Be4 36. g3 f5 37. a3 Kf7 38. Ka2 Kf6 39. c3 Re7 40. h4 g5
41. h5 g4 42. Rdf2 Re5 43. Rf4 Kg5 44. R1f2 h6 45. Rh2 Rc5 46. Nb3 Rc7 47. Nd4
Bd3 48. Rd2 Be4 49. Rdf2 Rc4 50. Rh2 Bf3 51. Rd2 Rxd4 52. Rfxd4 Kxh5 53. Kb3
Kg5 54. Kb4 h5 55. Rh2 Be4 56. a4 f4 57. gxf4+ Kxf4 58. axb5 axb5 59. Rd1 g3
60. Rh4+ Ke3 61. Kc5 g2 62. Kd6 Rg5 63. Rh3+ Bf3 64. Re1+ Kf2 65. Rc1 g1=Q 66.
Rxg1 Rxg1 67. Kc5 Rh1 68. Rxh1 Bxh1 69. Kxb5 Ke3 70. Kc5 Kd3 71. b4 Kxc3 72. b5
d4 0-1

[Event "Madrid-ch Previa A"]
[Site "Madrid ESP"]
[Date "2016.02.16"]
[Round "5.23"]
[White "Diaz Begonte, Manuel"]
[Black "Martin-Consuegra Barrilero, Francisco Javier"]
[Result "0-1"]
[WhiteElo "1656"]
[BlackElo "1805"]
[PlyCount "98"]
[EventDate "2016.02.08"]
[EventType "swiss"]
[EventRounds "9"]
[EventCountry "ESP"]
[SourceDate "2016.02.08"]

1. e4 d6 2. d4 Nf6 3. Nc3 e5 4. dxe5 dxe5 5. Qxd8+ Kxd8 6. Bg5 Be6 7. O-O-O+
Kc8 8. Bd3 Nbd7 9. Nge2 h6 10. Bxf6 gxf6 11. f4 Nb6 12. f5 Bd7 13. g4 c6 14.
Ng3 Be7 15. a4 a5 16. Kb1 Kc7 17. b3 Rad8 18. Be2 Bc8 19. h4 Rxd1+ 20. Rxd1 Bd7
21. Nh5 Rd8 22. Rd3 Be8 23. Nd1 Rxd3 24. Bxd3 Nc8 25. Ne3 Nd6 26. Kb2 Bd7 27.
Nc4 Nxc4+ 28. Bxc4 Be8 29. c3 Kd7 30. b4 axb4 31. cxb4 Bd8 32. Kb3 Ke7 33. Ng3
Bb6 34. Ne2 Bf2 35. h5 Kd6 36. Nc1 Bd4 37. Nd3 Be3 38. b5 Bd2 39. bxc6 Bxc6 40.
Bd5 Bxd5+ 41. exd5 Kxd5 42. Kc2 Ba5 43. Nb2 Kd4 44. Kb3 b6 45. Nc4 Kd3 46.
Nxe5+ fxe5 47. g5 hxg5 48. h6 e4 49. h7 Bc3 0-1

[Event "Madrid-ch Previa A"]
[Site "Madrid ESP"]
[Date "2016.02.16"]
[Round "5.24"]
[White "Rodriguez Bachiller, Luis"]
[Black "Ramos Antona, Enrique"]
[Result "1-0"]
[WhiteElo "1685"]
[BlackElo "1561"]
[PlyCount "101"]
[EventDate "2016.02.08"]
[EventType "swiss"]
[EventRounds "9"]
[EventCountry "ESP"]
[SourceDate "2016.02.08"]

1. Nf3 d5 2. c4 e6 3. g3 Nf6 4. Bg2 c6 5. Qc2 g6 6. Nc3 Bg7 7. d4 O-O 8. O-O
Nbd7 9. b3 Re8 10. Bb2 dxc4 11. bxc4 Nb6 12. Na4 Nxa4 13. Qxa4 Nd7 14. Rfd1 Qc7
15. Qc2 Rb8 16. e3 b6 17. Rd2 Bb7 18. Rc1 c5 19. Qd1 Be4 20. Ng5 Bxg2 21. Kxg2
h6 22. Nh3 Rbd8 23. Nf4 Nf6 24. f3 g5 25. Ne2 Nd7 26. e4 cxd4 27. Nxd4 Nc5 28.
Nb5 Rxd2+ 29. Qxd2 Qb8 30. Bxg7 Kxg7 31. Rd1 a6 32. Nd6 Re7 33. Qd4+ Kg8 34.
Qf6 Rd7 35. e5 Qd8 36. Qxh6 Qe7 37. f4 gxf4 38. Qxf4 Nb7 39. Ne4 Rxd1 40. Qg4+
Kf8 41. Qxd1 Nc5 42. Nxc5 Qxc5 43. Qd6+ Kg7 44. Qxc5 bxc5 45. Kf3 f5 46. exf6+
Kxf6 47. Ke4 a5 48. a4 e5 49. h4 Ke6 50. g4 Kf6 51. g5+ 1-0

[Event "Madrid-ch Previa A"]
[Site "Madrid ESP"]
[Date "2016.02.16"]
[Round "5.25"]
[White "Torres Alvarez, Augusto"]
[Black "Lucia Carpintero, Oscar"]
[Result "0-1"]
[WhiteElo "1501"]
[BlackElo "1675"]
[PlyCount "58"]
[EventDate "2016.02.08"]
[EventType "swiss"]
[EventRounds "9"]
[EventCountry "ESP"]
[SourceDate "2016.02.08"]

1. d4 Nf6 2. Nf3 d5 3. Bf4 c5 4. e3 Nc6 5. h3 Bf5 6. c3 Qb6 7. Qb3 c4 8. Qxb6
axb6 9. Nbd2 b5 10. Be2 h5 11. O-O b4 12. Bh2 e6 13. Rfc1 bxc3 14. bxc3 Ba3 15.
Rf1 Bb2 16. Nh4 Bxa1 17. Rxa1 Bh7 18. Nhf3 O-O 19. Bd6 Rfd8 20. Bc5 Ra6 21. a3
Ne4 22. Nxe4 Bxe4 23. Nd2 Bh7 24. f3 b6 25. Bb4 Nxb4 26. cxb4 b5 27. f4 Rda8
28. Bf3 Rxa3 29. Rxa3 Rxa3 0-1

[Event "Madrid-ch Previa A"]
[Site "Madrid ESP"]
[Date "2016.02.16"]
[Round "5.26"]
[White "Ballesteros Jimenez, Miguel A"]
[Black "Veuthey Martinez, Eloy"]
[Result "1/2-1/2"]
[WhiteElo "1607"]
[BlackElo "1537"]
[PlyCount "93"]
[EventDate "2016.02.08"]
[EventType "swiss"]
[EventRounds "9"]
[EventCountry "ESP"]
[SourceDate "2016.02.08"]

1. e4 d6 2. d4 Nf6 3. Nc3 e5 4. Nf3 Nbd7 5. Bc4 Be7 6. O-O O-O 7. Re1 c6 8. a4
b6 9. Bg5 a6 10. Bxf6 Bxf6 11. b4 exd4 12. Nxd4 Ne5 13. Bb3 c5 14. bxc5 dxc5
15. Nde2 Qxd1 16. Rexd1 c4 17. Ba2 Bb7 18. f4 Ng6 19. e5 Be7 20. Bxc4 Rac8 21.
Bd5 Bxd5 22. Nxd5 Rxc2 23. Nxe7+ Nxe7 24. Rd7 Nc6 25. Rc7 b5 26. axb5 axb5 27.
Rb1 b4 28. Kf2 Rb8 29. Kg3 Rxe2 30. Rxc6 Kf8 31. Rb3 Ra2 32. Rc4 Ra3 33. Rxa3
bxa3 34. Ra4 Rb3+ 35. Kg4 Ke7 36. h4 Rb2 37. Rxa3 Rxg2+ 38. Kh5 g6+ 39. Kh6 Rg4
40. Ra7+ Ke6 41. Ra6+ Kf5 42. Rf6+ Ke4 43. Kxh7 Rxh4+ 44. Kg7 Rxf4 45. Rxf7
Rxf7+ 46. Kxf7 Kxe5 47. Kxg6 1/2-1/2

[Event "Madrid-ch Previa A"]
[Site "Madrid ESP"]
[Date "2016.02.16"]
[Round "5.27"]
[White "Enriquez Pastor, Jorge"]
[Black "Santamaria Baeza, Adolfo"]
[Result "0-1"]
[WhiteElo "1425"]
[BlackElo "1918"]
[PlyCount "72"]
[EventDate "2016.02.08"]
[EventType "swiss"]
[EventRounds "9"]
[EventCountry "ESP"]
[SourceDate "2016.02.08"]

1. e4 e5 2. Nf3 Nc6 3. Bb5 Bc5 4. O-O Nge7 5. c3 O-O 6. d4 exd4 7. cxd4 Bb6 8.
Re1 d5 9. e5 Bg4 10. Bxc6 Nxc6 11. Be3 Qe7 12. Nc3 Rad8 13. Bg5 Qxg5 14. Nxg5
Bxd1 15. Raxd1 Nxd4 16. Kh1 Ne6 17. Nxe6 fxe6 18. f3 Ba5 19. Rf1 a6 20. Ne2 c5
21. Rc1 Rc8 22. Nc3 b5 23. b3 Rf5 24. f4 c4 25. bxc4 Rxc4 26. Ne2 Bd2 27. Rcd1
Bxf4 28. Nxf4 Rcxf4 29. Rfe1 Ra4 30. Rc1 Rxa2 31. Rf1 Rxf1+ 32. Rxf1 Re2 33.
Rc1 d4 34. Rc8+ Kf7 35. g3 d3 36. Rd8 d2 0-1

[Event "Madrid-ch Previa A"]
[Site "Madrid ESP"]
[Date "2016.02.16"]
[Round "5.28"]
[White "Lopez Peral, Enrique"]
[Black "Suarez Mencia, Roberto"]
[Result "1-0"]
[WhiteElo "1816"]
[BlackElo "1448"]
[PlyCount "59"]
[EventDate "2016.02.08"]
[EventType "swiss"]
[EventRounds "9"]
[EventCountry "ESP"]
[SourceDate "2016.02.08"]

1. e4 c5 2. Nf3 Nc6 3. Bb5 a6 4. Bxc6 bxc6 5. O-O d6 6. d4 cxd4 7. Qxd4 e5 8.
Qc3 c5 9. Rd1 Be7 10. Be3 Qc7 11. Na3 Bb7 12. Nd2 Nf6 13. f3 d5 14. exd5 Nxd5
15. Qd3 Rd8 16. Bf2 Nf4 17. Qe3 Ne6 18. Nac4 Rd5 19. Nb3 Bg5 20. Qe1 Rxd1 21.
Rxd1 Bf6 22. Nd6+ Ke7 23. Nxb7 Qxb7 24. Nxc5 Qxb2 25. Rd7+ Ke8 26. Qd1 Nxc5 27.
Bxc5 Qb5 28. Rd5 Qb7 29. c4 h5 30. Qa4+ 1-0

[Event "Madrid-ch Previa A"]
[Site "Madrid ESP"]
[Date "2016.02.16"]
[Round "5.30"]
[White "Martin Rodriguez, Jose Luis"]
[Black "Garcia Lafuente, Luis"]
[Result "0-1"]
[WhiteElo "1354"]
[BlackElo "1494"]
[PlyCount "68"]
[EventDate "2016.02.08"]
[EventType "swiss"]
[EventRounds "9"]
[EventCountry "ESP"]
[SourceDate "2016.02.08"]

1. e4 c5 2. Nf3 Nc6 3. d4 cxd4 4. Nxd4 g6 5. Nc3 Bg7 6. Be3 d6 7. Bb5 Bd7 8.
Qd2 Nf6 9. f3 a6 10. Nxc6 bxc6 11. Bc4 O-O 12. g4 Be6 13. Bb3 Nd7 14. O-O-O
Bxb3 15. axb3 Ne5 16. Qe2 Qc7 17. h4 Rfe8 18. h5 e6 19. f4 Nd7 20. hxg6 fxg6
21. Qh2 Nf8 22. Qd2 d5 23. e5 c5 24. Qf2 d4 25. Ne4 dxe3 26. Qxe3 Qa5 27. Kb1
Red8 28. Nd6 Qc7 29. Rd3 Rab8 30. Rc3 Rxd6 31. exd6 Qxd6 32. Rxc5 Bd4 33. Rd1
Bxe3 34. Rxd6 Bxc5 0-1

[Event "Madrid-ch Previa A"]
[Site "Madrid ESP"]
[Date "2016.02.16"]
[Round "5.32"]
[White "Beekhof Harmsen, Willen"]
[Black "Navarro Corredor, Angel"]
[Result "1-0"]
[WhiteElo "1626"]
[BlackElo "1456"]
[PlyCount "73"]
[EventDate "2016.02.08"]
[EventType "swiss"]
[EventRounds "9"]
[EventCountry "ESP"]
[SourceDate "2016.02.08"]

1. Nf3 Nf6 2. g3 d5 3. c4 c6 4. b3 Bf5 5. Bg2 e6 6. Bb2 Be7 7. O-O O-O 8. Ne5
Nbd7 9. d4 Nxe5 10. dxe5 Nd7 11. Nd2 Qc7 12. f4 Nb6 13. Rc1 Bc5+ 14. Kh1 dxc4
15. Nxc4 Nxc4 16. Rxc4 Bb6 17. e4 Rad8 18. Qe2 Bg6 19. f5 exf5 20. exf5 Bxf5
21. Rxf5 Qd7 22. Rf1 Qd2 23. Rc2 Qxe2 24. Rxe2 Bc5 25. h4 Rd3 26. Kh2 Rfd8 27.
Rc2 Bb4 28. Bc1 Be7 29. Be4 Rd1 30. Rxd1 Rxd1 31. Bf4 Rd4 32. Bf5 c5 33. Kh3
Rd1 34. Bc8 b6 35. e6 Bd6 36. Bxd6 Rxd6 37. e7 1-0

[Event "Madrid-ch Previa A"]
[Site "Madrid ESP"]
[Date "2016.02.17"]
[Round "6.1"]
[White "Ruiz Quevedo, Andres"]
[Black "Fernandez Rios, Jose Francisco"]
[Result "1/2-1/2"]
[WhiteElo "1902"]
[BlackElo "1778"]
[PlyCount "88"]
[EventDate "2016.02.08"]
[EventType "swiss"]
[EventRounds "9"]
[EventCountry "ESP"]
[SourceDate "2016.02.08"]

1. g3 c5 2. Bg2 g6 3. Nf3 Bg7 4. O-O Nc6 5. c4 d6 6. Nc3 Bf5 7. a3 Qd7 8. b4
cxb4 9. axb4 Nxb4 10. d4 Nc6 11. Qb3 Nf6 12. d5 Ne5 13. Nxe5 dxe5 14. c5 e4 15.
Rb1 e3 16. c6 exf2+ 17. Rxf2 bxc6 18. dxc6 Qc7 19. Bf4 e5 20. Qb7 Qxb7 21. cxb7
Rb8 22. Bxe5 Bxb1 23. Bxb8 Nd7 24. Bc6 Bxc3 25. Bxa7 Ke7 26. Bxd7 Kxd7 27.
Rxf7+ Ke6 28. Rxh7 Rf8 29. b8=Q Bd4+ 30. Bxd4 Rxb8 31. e3 Rf8 32. Rh4 Bd3 33.
Rf4 Rxf4 34. exf4 Kf5 35. h3 Ke4 36. Bf6 Kf3 37. Kh2 Bf5 38. g4 Bd3 39. Be5 Bc2
40. Bd6 Bb1 41. Bc7 Bc2 42. f5 gxf5 43. g5 f4 44. Bd8 Bg6 1/2-1/2

[Event "Madrid-ch Previa A"]
[Site "Madrid ESP"]
[Date "2016.02.17"]
[Round "6.2"]
[White "Roldan Garcia, Angel"]
[Black "Garcia Gutierrez, Jose"]
[Result "0-1"]
[WhiteElo "1838"]
[BlackElo "1928"]
[PlyCount "50"]
[EventDate "2016.02.08"]
[EventType "swiss"]
[EventRounds "9"]
[EventCountry "ESP"]
[SourceDate "2016.02.08"]

1. e4 e6 2. d4 d5 3. exd5 exd5 4. Nf3 Bd6 5. Bd3 Nf6 6. O-O O-O 7. c3 Bg4 8.
Bg5 Nbd7 9. Nbd2 c6 10. Qc2 Qc7 11. Rfe1 Rae8 12. h3 Bh5 13. Nh4 Bh2+ 14. Kf1
Bf4 15. Bxf4 Qxf4 16. Nhf3 Bg6 17. Bxg6 fxg6 18. Rxe8 Rxe8 19. Re1 Ne4 20. Nxe4
dxe4 21. Qd2 Qd6 22. Qc2 Nf6 23. Ne5 Qd5 24. Qa4 a6 25. Qc4 Rxe5 0-1